000 00291nam a22001337a 4500
041 _aENG
100 _aJolliffe .I.T
245 _aPrincipal Component Analysis
250 _aSecond ED
260 _aDelhi
_bSpringer
_c1995
300 _a487
650 _aMathes
856 _uM Tech ( 7 )
999 _c1089
_d1089